| 000 | 01412nam a2200349 a 4500 | ||
|---|---|---|---|
| 001 | ebr10691475 | ||
| 003 | CaPaEBR | ||
| 006 | m u | ||
| 007 | cr cn||||||||| | ||
| 008 | 130222s2013 njua sb 001 0 eng d | ||
| 010 | _z 2012047247 | ||
| 020 | _z9780470915523 (cloth) | ||
| 020 | _z9781118356746 (e-book) | ||
| 040 |
_aCaPaEBR _cCaPaEBR |
||
| 035 | _a(OCoLC)828334158 | ||
| 050 | 1 | 4 |
_aQD281.O9 _bL57 2013eb |
| 082 | 0 | 4 |
_a541/.393 _223 |
| 245 | 0 | 0 |
_aLiquid phase oxidation via heterogeneous catalysis _h[electronic resource] : _borganic synthesis and industrial applications / _cedited by Mario G. Clerici, Oxana A. Kholdeeva. |
| 260 |
_aHoboken, N.J. : _bWiley, _c2013. |
||
| 300 |
_axix, 526 p. : _bill. |
||
| 504 | _aIncludes bibliographical references and index. | ||
| 533 |
_aElectronic reproduction. _bPalo Alto, Calif. : _cebrary, _d2013. _nAvailable via World Wide Web. _nAccess may be limited to ebrary affiliated libraries. |
||
| 650 | 0 | _aOxidation. | |
| 650 | 0 |
_aOxidation _xIndustrial applications. |
|
| 650 | 0 | _aHeterogeneous catalysis. | |
| 650 | 0 |
_aHeterogeneous catalysis _xIndustrial applications. |
|
| 655 | 7 |
_aElectronic books. _2local |
|
| 700 | 1 | _aClerici, Mario G. | |
| 700 | 1 | _aKholdeeva, Oxana A. | |
| 710 | 2 | _aebrary, Inc. | |
| 856 | 4 | 0 |
_uhttp://site.ebrary.com/lib/rucke/Doc?id=10691475 _zAn electronic book accessible through the World Wide Web; click to view |
| 999 |
_c10626 _d10626 |
||